000 00322nam a2200121Ia 4500
008 241015s9999 xx 000 0 und d
041 _aeng
082 _a658.421 HOD
100 _aHugo Hodges
245 _aCorporate Innovation: Global Perspectives
260 _bStates Academic Press
_aUSA
_c2021
300 _a241;. P. 27 cm
999 _c41767
_d41767